000 00651nam a2200277Ia 4500
005 20260324111636.0
008 008 260324s9999 xx 000 0 eng d
020 _a9781003475552
037 _aEBOOK
040 _aCRL
040 _beng
040 _cCRL
041 _2eng
041 _aeng
084 _qCRL
100 _aPatrick N. Wyse Jackson
_91139413
245 4 _aThe Making of Irish Geology 1740–1940
260 _bTaylor and Francis
260 _c2025
365 _a
365 _b230
856 _uhttp://www.taylorfrancis.com/books/9781003475552
942 _cEBOOK
999 _c1728303
_d1728303